[Event "Titled Tuesday intern op 19th Sep Early"]
[Site "Chess.com INT"]
[Date "2023.09.19"]
[Round "5"]
[White "Slate, Kent"]
[Black "Batbold, Nyamsuren"]
[Result "1-0"]
[WhiteElo "1964"]
[BlackElo "2143"]
[PlyCount "111"]
[EventDate "2023.09.19"]
[EventType "swiss (blitz)"]
[EventRounds "11"]
[EventCountry "USA"]
[SourceTitle "EXT 2024"]
[Source "ChessBase"]
[SourceDate "2023.10.10"]
[SourceVersion "1"]
[SourceVersionDate "2023.10.10"]
[SourceQuality "1"]

1. e4 c5 2. c3 d5 3. exd5 Qxd5 4. Nf3 Nf6 5. Na3 g6 6. d4 cxd4 7. Bc4 Qh5 8. Nb5 Na6 9. Nbxd4 Bg7 10. 0-0 0-0 11. Bf4 Nc5 12. Ne5 Ng4 13. Nxg4 Bxg4 14. f3 Bd7 15. Nb3 Nxb3 16. Qxb3 b5 17. Bd5 Rad8 18. Rad1 e5 19. Be3 a6 20. Bb6 Rb8 21. Bc5 Rfc8 22. Bxf7+ Kh8 23. Bd6 Rb6 24. Bc5 Rb7 25. Bd5 Rbb8 26. Ba7 Qg5 27. Bxb8 Rxb8 28. Be4 Bh3 29. Qc2 Bh6 30. Kh1 Be6 31. a3 Qh4 32. Qf2 Qh5 33. Qc5 Bf4 34. Qg1 Bc4 35. Rfe1 Rf8 36. g3 Bh6 37. Qc5 Bg7 38. Qf2 Qg5 39. Kg2 Bb3 40. Rd2 Be6 41. Qe3 Qh5 42. Rd6 Bh3+ 43. Kg1 Bh6 44. Qf2 Qg5 45. Red1 Qe7 46. R6d3 Bg5 47. Qe2 Qg7 48. Qf2 Qh6 49. Kh1 Be6 50. Qc5 Bc4 51. Rd7 Rg8 52. Bd5 Bxd5 53. Qxd5 Bf6 54. Qe6 Bg7 55. Rd8 Qe3 56. Rxg8# 1-0

[Event "Titled Tuesday intern op 12th Sep Early"]
[Site "Chess.com INT"]
[Date "2023.09.12"]
[Round "3"]
[White "Batbold, Nyamsuren"]
[Black "Matinian, Nikita"]
[Result "0-1"]
[WhiteElo "2143"]
[BlackElo "2421"]
[PlyCount "76"]
[EventDate "2023.09.12"]
[EventType "swiss (blitz)"]
[EventRounds "11"]
[EventCountry "USA"]
[SourceTitle "EXT 2024"]
[Source "ChessBase"]
[SourceDate "2023.10.10"]
[SourceVersion "1"]
[SourceVersionDate "2023.10.10"]
[SourceQuality "1"]

1. d4 Nf6 2. c4 e6 3. g3 Bb4+ 4. Nd2 0-0 5. Bg2 d5 6. Ngf3 Nbd7 7. 0-0 c6 8. Qc2 a5 9. e4 b6 10. e5 Ne8 11. a3 Be7 12. b3 Ba6 13. h4 Rc8 14. Re1 h6 15. Nf1 c5 16. cxd5 cxd4 17. Qd2 Nc5 18. Nxd4 exd5 19. Ne3 Nd3 20. Rd1 Nc7 21. Bb2 Nxb2 22. Qxb2 Bb7 23. Rac1 Bc5 24. Ndf5 Bxe3 25. Nxe3 Qd7 26. Qd4 Qe6 27. Nxd5 Nxd5 28. Rxc8 Rxc8 29. Bxd5 Bxd5 30. Qxd5 Rc3 31. Qxe6 fxe6 32. b4 Rxa3 33. b5 Rb3 34. Rd6 Rxb5 35. Rxe6 a4 36. f4 a3 37. Re8+ Kf7 38. Ra8 Ra5 0-1

[Event "Titled Tuesday intern op 12th Sep Early"]
[Site "Chess.com INT"]
[Date "2023.09.12"]
[Round "1"]
[White "Batbold, Nyamsuren"]
[Black "Zemlyanskii, Ivan"]
[Result "0-1"]
[WhiteElo "2143"]
[BlackElo "2362"]
[PlyCount "96"]
[EventDate "2023.09.12"]
[EventType "swiss (blitz)"]
[EventRounds "11"]
[EventCountry "USA"]
[SourceTitle "EXT 2024"]
[Source "ChessBase"]
[SourceDate "2023.10.10"]
[SourceVersion "1"]
[SourceVersionDate "2023.10.10"]
[SourceQuality "1"]

1. d4 d5 2. c4 e6 3. Nc3 c6 4. Qc2 Be7 5. Nf3 Nf6 6. e3 0-0 7. b3 Nbd7 8. Bd3 b6 9. 0-0 Bb7 10. Bb2 Rc8 11. e4 dxe4 12. Nxe4 Nxe4 13. Bxe4 Nf6 14. Rad1 Nxe4 15. Qxe4 Qc7 16. Ne5 c5 17. Qe2 Rcd8 18. dxc5 Qxc5 19. Qg4 f5 20. Qg3 Bd6 21. Qg5 Qc7 22. f4 Be7 23. Qg3 Bc5+ 24. Kh1 Rxd1 25. Rxd1 Rd8 26. Rxd8+ Qxd8 27. Qd3 Qh4 28. Qg3 Qh5 29. Nf3 Bf8 30. Qf2 Qg4 31. Qe3 Be4 32. h3 Qg3 33. Bc3 Bc5 34. Qe2 Qxf4 35. Bd2 Qd6 36. Bc3 h6 37. Ne5 Bd4 38. Bxd4 Qxd4 39. Ng6 Qf6 40. Nf4 Kh7 41. Qf2 Qa1+ 42. Kh2 Qe5 43. Qg3 g5 44. Nh5 Qxg3+ 45. Nxg3 Bb1 46. a3 Ba2 47. b4 Bxc4 48. Ne2 Bxe2 0-1

[Event "Titled Tuesday intern op 20th Sep Early"]
[Site "Chess.com INT"]
[Date "2022.09.20"]
[Round "2"]
[White "Itkis, Boris"]
[Black "Batbold, Nyamsuren"]
[Result "0-1"]
[WhiteElo "2332"]
[BlackElo "2156"]
[PlyCount "96"]
[EventDate "2022.09.20"]
[EventType "swiss (blitz)"]
[EventRounds "11"]
[EventCountry "USA"]
[SourceTitle "EXT 2023"]
[Source "ChessBase"]
[SourceDate "2022.10.05"]
[SourceVersion "1"]
[SourceVersionDate "2022.10.05"]
[SourceQuality "1"]

1. c4 Nf6 2. Nf3 b6 3. g3 Bb7 4. Bg2 g6 5. 0-0 Bg7 6. Nc3 0-0 7. b3 d6 8. Bb2 Nbd7 9. e3 e5 10. d4 Re8 11. d5 a5 12. Nd2 h6 13. a3 Nc5 14. Qc2 Bc8 15. b4 Nb7 16. Nb5 Bd7 17. Rfc1 Nh7 18. Nb3 f5 19. Nc3 Ng5 20. h4 Nf7 21. Bh3 Qf6 22. Nb5 Rec8 23. Nd2 g5 24. hxg5 Nxg5 25. Bg2 Be8 26. f4 Nf7 27. Nf3 Qg6 28. Nh4 Qxg3 29. Nxf5 Qg4 30. Ne7+ Kh8 31. Nxc8 Rxc8 32. Qd1 Qg6 33. Na7 Ra8 34. Nc6 Bxc6 35. dxc6 Nbd8 36. Qf3 h5 37. Qe4 Qg3 38. Rf1 Ne6 39. Rf3 Qg4 40. Qd5 Rg8 41. Kh2 e4 42. Rh3 Bxb2 43. Rxh5+ Kg7 44. Rg1 Kf8 45. bxa5 Ne5 46. fxe5 Qxh5+ 47. Bh3 Bxe5+ 48. Kh1 Qxh3# 0-1

[Event "Titled Tuesday intern op 06th Sep Early"]
[Site "Chess.com INT"]
[Date "2022.09.06"]
[Round "5"]
[White "Glavina, Pablo"]
[Black "Batbold, Nyamsuren"]
[Result "0-1"]
[WhiteElo "2400"]
[BlackElo "2156"]
[PlyCount "46"]
[EventDate "2022.09.06"]
[EventType "swiss (blitz)"]
[EventRounds "11"]
[EventCountry "USA"]
[SourceTitle "EXT 2023"]
[Source "ChessBase"]
[SourceDate "2022.10.05"]
[SourceVersion "1"]
[SourceVersionDate "2022.10.05"]
[SourceQuality "1"]

1. Nf3 Nf6 2. g3 d5 3. c4 c6 4. Bg2 g6 5. 0-0 Bg7 6. d4 0-0 7. Nc3 Bg4 8. b3 Nbd7 9. Bb2 dxc4 10. bxc4 Nb6 11. Qb3 Be6 12. d5 cxd5 13. Rfd1 dxc4 14. Qa3 Qc8 15. Qxe7 Nfd5 16. Qa3 Rd8 17. Rac1 Bf8 18. Qa5 Bb4 19. Qb5 Bxc3 20. Bxc3 Nxc3 21. Rxd8+ Qxd8 22. Rxc3 Qd1+ 23. Bf1 Bh3 0-1

[Event "Titled Tuesday intern op 06th Sep Early"]
[Site "Chess.com INT"]
[Date "2022.09.06"]
[Round "4"]
[White "Schut, Han"]
[Black "Batbold, Nyamsuren"]
[Result "1/2-1/2"]
[WhiteElo "2101"]
[BlackElo "2156"]
[PlyCount "62"]
[EventDate "2022.09.06"]
[EventType "swiss (blitz)"]
[EventRounds "11"]
[EventCountry "USA"]
[SourceTitle "EXT 2023"]
[Source "ChessBase"]
[SourceDate "2022.10.05"]
[SourceVersion "1"]
[SourceVersionDate "2022.10.05"]
[SourceQuality "1"]

1. e4 c5 2. Nf3 d6 3. d4 cxd4 4. Nxd4 Nf6 5. f3 e5 6. Bb5+ Bd7 7. Bxd7+ Nbxd7 8. Nf5 Nb6 9. c4 g6 10. Ne3 h5 11. Nc3 Bh6 12. Ned5 Rc8 13. Bxh6 Rxh6 14. b3 h4 15. Qd2 Rh5 16. 0-0-0 Nfxd5 17. Nxd5 Qg5 18. Nxb6 Qxd2+ 19. Rxd2 axb6 20. Rxd6 b5 21. Rhd1 bxc4 22. bxc4 Rg5 23. R1d2 Rxc4+ 24. Kb2 f5 25. Rd8+ Ke7 26. exf5 gxf5 27. R8d7+ Ke8 28. Rd8+ Kf7 29. R8d7+ Ke8 30. Rd8+ Ke7 31. R8d7+ Ke8 1/2-1/2

[Event "Titled Tuesday intern op 18th Jan"]
[Site "Chess.com INT"]
[Date "2022.01.18"]
[Round "1"]
[White "Batbold, Nyamsuren"]
[Black "Rasulov, Vugar Ural Oglu"]
[Result "0-1"]
[WhiteElo "1954"]
[BlackElo "2453"]
[PlyCount "98"]
[EventDate "2022.01.18"]
[EventType "swiss (blitz)"]
[EventRounds "11"]
[EventCountry "USA"]
[SourceTitle "CBM 206 Extra"]
[Source "ChessBase"]
[SourceDate "2022.03.31"]
[SourceVersion "1"]
[SourceVersionDate "2022.03.31"]
[SourceQuality "1"]

1. Nf3 Nf6 2. d4 e6 3. c4 d5 4. g3 Bb4+ 5. Bd2 Bd6 6. Bg2 0-0 7. c5 Be7 8. b4 c6 9. 0-0 Ne4 10. Nc3 Nxd2 11. Qxd2 Nd7 12. a4 b6 13. b5 Bb7 14. cxb6 axb6 15. Rfc1 c5 16. e3 Bd6 17. Qd3 Qe7 18. h4 Rfc8 19. Ng5 Nf8 20. Ne2 h6 21. Nf3 Nd7 22. Nf4 Nf6 23. Ne5 Bxe5 24. dxe5 Nd7 25. Qc3 Ra7 26. Nd3 Rca8 27. Nb2 h5 28. f4 g6 29. Qd2 c4 30. Qd4 Nc5 31. Rc3 Qc7 32. g4 hxg4 33. Qd1 Nb3 34. Ra2 Qe7 35. Qxg4 Qb4 36. Rc1 Nxc1 37. h5 Nxa2 38. hxg6 Qe1+ 39. Kh2 Qxe3 40. gxf7+ Kxf7 41. Qh5+ Ke7 42. Qh7+ Kd8 43. Qg8+ Kc7 44. Qf7+ Kb8 45. Qf8+ Bc8 46. Qd6+ Rc7 47. Nxc4 Qxf4+ 48. Kh1 Qxc4 49. Qxb6+ Bb7 0-1

[Event "Titled Tuesday intern op 18th Jan"]
[Site "Chess.com INT"]
[Date "2022.01.18"]
[Round "5"]
[White "Moreira, Ronaldo Alonso"]
[Black "Batbold, Nyamsuren"]
[Result "1-0"]
[WhiteElo "2088"]
[BlackElo "1954"]
[PlyCount "43"]
[EventDate "2022.01.18"]
[EventType "swiss (blitz)"]
[EventRounds "11"]
[EventCountry "USA"]
[SourceTitle "CBM 206 Extra"]
[Source "ChessBase"]
[SourceDate "2022.03.31"]
[SourceVersion "1"]
[SourceVersionDate "2022.03.31"]
[SourceQuality "1"]

1. d4 d5 2. c4 c6 3. cxd5 cxd5 4. Nc3 Nf6 5. Bf4 Nc6 6. e3 Qb6 7. Nb5 e5 8. dxe5 Bb4+ 9. Nc3 Ne4 10. Rc1 Be6 11. Bd3 Rd8 12. Nge2 g5 13. Bg3 Nxg3 14. hxg3 Nxe5 15. Rxh7 Rxh7 16. Bxh7 f5 17. Nd4 Ke7 18. Qh5 Nd3+ 19. Kd2 Nxc1 20. Qxg5+ Kd7 21. Bxf5 Bxc3+ 22. bxc3 1-0

[Event "Titled Tuesday intern op 07th Dec"]
[Site "Chess.com INT"]
[Date "2021.12.07"]
[Round "3"]
[White "Batbold, Nyamsuren"]
[Black "Magallanes, Rey Jomar"]
[Result "1-0"]
[WhiteElo "1954"]
[BlackElo "2044"]
[PlyCount "67"]
[EventDate "2021.12.07"]
[EventType "swiss (blitz)"]
[EventRounds "11"]
[EventCountry "USA"]
[SourceTitle "CBM 205 Extra"]
[Source "ChessBase"]
[SourceDate "2022.01.31"]
[SourceVersion "1"]
[SourceVersionDate "2022.01.31"]
[SourceQuality "1"]

1. Nf3 Nf6 2. d4 g6 3. Bg5 Bg7 4. Bxf6 Bxf6 5. Nbd2 0-0 6. e4 d6 7. Bd3 c5 8. c3 Nc6 9. Nb3 cxd4 10. Nfxd4 Bd7 11. Nxc6 Bxc6 12. h4 d5 13. Qe2 dxe4 14. Bxe4 Bxe4 15. Qxe4 Qb6 16. 0-0-0 a5 17. h5 a4 18. Nd4 a3 19. b3 Rac8 20. c4 e5 21. Nc2 Qxf2 22. Rdf1 Bg5+ 23. Kb1 Qc5 24. hxg6 hxg6 25. Qg4 f6 26. Qe6+ Kg7 27. Qd7+ Rf7 28. Rh7+ Kxh7 29. Qxf7+ Kh6 30. Rh1+ Bh4 31. Rxh4+ Kg5 32. Rh1 Rd8 33. Qh7 Rd2 34. Qh6+ 1-0

[Event "Titled Tuesday intern op 07th Dec"]
[Site "Chess.com INT"]
[Date "2021.12.07"]
[Round "8"]
[White "Estrada Nieto, Julian"]
[Black "Batbold, Nyamsuren"]
[Result "0-1"]
[WhiteElo "2253"]
[BlackElo "1954"]
[PlyCount "90"]
[EventDate "2021.12.07"]
[EventType "swiss (blitz)"]
[EventRounds "11"]
[EventCountry "USA"]
[SourceTitle "CBM 205 Extra"]
[Source "ChessBase"]
[SourceDate "2022.01.31"]
[SourceVersion "1"]
[SourceVersionDate "2022.01.31"]
[SourceQuality "1"]

1. e4 c5 2. Nf3 d6 3. d4 cxd4 4. Qxd4 Nf6 5. Nc3 Nc6 6. Bb5 g6 7. e5 dxe5 8. Qxd8+ Kxd8 9. Bxc6 bxc6 10. Nxe5 Be6 11. Nxc6+ Ke8 12. Nd4 Bg7 13. Nxe6 fxe6 14. Bf4 Nd5 15. Nxd5 exd5 16. 0-0-0 e6 17. Rhe1 Kd7 18. Be5 Bh6+ 19. Kb1 Rhf8 20. f3 Rac8 21. b3 Rfe8 22. h4 Bf8 23. h5 a5 24. hxg6 hxg6 25. Rd4 Bc5 26. Rg4 Rg8 27. Rh1 Be3 28. Kb2 g5 29. Rh7+ Kc6 30. Re7 Rg6 31. f4 Rcg8 32. fxg5 Rxg5 33. Rxg5 Rxg5 34. Rxe6+ Kd7 35. Rd6+ Ke7 36. Bh2 Rxg2 37. Rxd5 Rxh2 38. Rxa5 Kd6 39. a4 Bd4+ 40. Kc1 Bc3 41. Ra6+ Kc5 42. Kd1 Rd2+ 43. Kc1 Re2 44. b4+ Kxb4 45. Rb6+ Kxa4 0-1

[Event "Titled Tuesday intern op 07th Dec"]
[Site "Chess.com INT"]
[Date "2021.12.07"]
[Round "7"]
[White "Stankovic, Ivan G"]
[Black "Batbold, Nyamsuren"]
[Result "1-0"]
[WhiteElo "2255"]
[BlackElo "1954"]
[PlyCount "227"]
[EventDate "2021.12.07"]
[EventType "swiss (blitz)"]
[EventRounds "11"]
[EventCountry "USA"]
[SourceTitle "CBM 205 Extra"]
[Source "ChessBase"]
[SourceDate "2022.01.31"]
[SourceVersion "1"]
[SourceVersionDate "2022.01.31"]
[SourceQuality "1"]

1. e4 c5 2. c4 Nc6 3. Nc3 g6 4. g3 Bg7 5. Bg2 d6 6. Nge2 e5 7. d3 Nge7 8. Rb1 0-0 9. a3 a5 10. 0-0 h6 11. Bd2 Be6 12. Nd5 f5 13. b4 axb4 14. axb4 b6 15. Nxe7+ Qxe7 16. exf5 Bd7 17. fxg6 Ra3 18. b5 Nd4 19. Nxd4 cxd4 20. Bc1 Ra2 21. Qb3 Ra5 22. c5+ Be6 23. Bd5 Bxd5 24. Qxd5+ Kh8 25. cxd6 Qf6 26. Bd2 Ra3 27. Rb3 Ra2 28. Be1 Re2 29. d7 Rxe1 30. Qg2 Rxf1+ 31. Qxf1 Qe6 32. Ra3 Qxd7 33. Qb1 Qf5 34. Qc2 Rc8 35. Qa2 Qxg6 36. Ra8 Rxa8 37. Qxa8+ Kh7 38. Qc6 Qxd3 39. Qxb6 Qb1+ 40. Kg2 Qe4+ 41. Kg1 d3 42. Qd6 Qe2 43. Qe6 Qf3 44. Qd6 Qd1+ 45. Kg2 d2 46. Qd3+ Kg8 47. Qd5+ Kf8 48. b6 Qb1 49. Qd8+ Kf7 50. Qd7+ Kg8 51. Qxd2 Qxb6 52. f3 Qe6 53. Qd3 Kf7 54. Qe4 Qa2+ 55. Kh3 Qe6+ 56. Kg2 Qd7 57. f4 exf4 58. Qxf4+ Kg8 59. Qe4 Qf7 60. Qf3 Qa2+ 61. Qf2 Qa5 62. Qf3 Qg5 63. Qe2 Be5 64. Qe4 h5 65. Qd5+ Kg7 66. Qd3 h4 67. Qd7+ Kf8 68. Qc8+ Ke7 69. Qb7+ Kd6 70. Qa6+ Kd7 71. Qd3+ Bd6 72. Qh7+ Kc6 73. Qxh4 Qd5+ 74. Kh3 Qd3 75. Qg4 Qh7+ 76. Kg2 Qc2+ 77. Kf1 Qxh2 78. Qf3+ Kd7 79. g4 Ke7 80. g5 Bf4 81. Qe4+ Kf7 82. Qf5+ Ke7 83. Qf6+ Kd7 84. Qf7+ Kd6 85. Qf6+ Kd5 86. Qf5+ Be5 87. Qf3+ Ke6 88. Qg4+ Kd6 89. g6 Qb2 90. Ke1 Bc3+ 91. Kf1 Bd4 92. Qf5 Qc1+ 93. Kg2 Qd2+ 94. Kg3 Qc1 95. Kg4 Qb2 96. Kh5 Bg7 97. Qf4+ Ke7 98. Qf7+ Kd6 99. Qf4+ Be5 100. Qf8+ Kd7 101. Qf7+ Kc6 102. Kg5 Qg2+ 103. Kf5 Qg3 104. Qe6+ Kb7 105. Qxe5 Qf3+ 106. Ke6 Qg3 107. g7 Qg6+ 108. Qf6 Qg4+ 109. Kf7 Qc4+ 110. Qe6 Qf4+ 111. Ke8 Qb8+ 112. Kf7 Qf4+ 113. Ke8 Qb8+ 114. Ke7 1-0

[Event "Titled Tuesday intern op 30th Nov"]
[Site "Chess.com INT"]
[Date "2021.11.30"]
[Round "6"]
[White "Chernomordik, Pavel"]
[Black "Batbold, Nyamsuren"]
[Result "0-1"]
[WhiteElo "2182"]
[BlackElo "1954"]
[PlyCount "92"]
[EventDate "2021.11.30"]
[EventType "swiss (blitz)"]
[EventRounds "11"]
[EventCountry "USA"]
[SourceTitle "CBM 205 Extra"]
[Source "ChessBase"]
[SourceDate "2022.01.31"]
[SourceVersion "1"]
[SourceVersionDate "2022.01.31"]
[SourceQuality "1"]

1. e4 c5 2. Nc3 Nc6 3. Bb5 a6 4. Bxc6 dxc6 5. f4 b5 6. Nf3 c4 7. Qe2 Nf6 8. 0-0 g6 9. b3 cxb3 10. axb3 c5 11. Nxb5 Qb6 12. Nc3 Bg7 13. e5 Ng4 14. h3 Nh6 15. g4 0-0 16. Nd5 Qa7 17. c4 e6 18. Nf6+ Kh8 19. Ng5 Bxf6 20. exf6 Ng8 21. Bb2 h6 22. Nf3 Rb8 23. Ra3 Qb6 24. Be5 Ra8 25. Qf2 Bb7 26. Qh4 Qd8 27. Qf2 Bxf3 28. Qxf3 Qxd2 29. Rd1 Qb4 30. Ra4 Qb6 31. Rd6 Qa7 32. Rdxa6 Qxa6 33. Rxa6 Rxa6 34. Qb7 Ra2 35. Qc7 g5 36. Qxc5 Rd8 37. Bd4 Kh7 38. Bf2 Nxf6 39. fxg5 Ne4 40. g6+ Kxg6 41. Qh5+ Kg7 42. Bd4+ f6 43. g5 hxg5 44. Qd1 Rd2 45. Bxf6+ Kxf6 46. Qf3+ Ke5 0-1